Statistics for Norwich City Trivia

Click here to take the quiz!

General Stats

  • This quiz has been taken 157 times
    (31 since last reset)
  • The average score is 10 of 17

Answer Stats

QuestionAnswer% Correct
What is Norwich City’s nickname?The {Canaries}
100%
What is the name of Norwich City’s stadium?Carrow Road
96%
With which club does Norwich City contest the East Anglian Derby?Ipswich Town
93%
What is the name of the celebrity chef who is a joint-majority shareholder of Norwich City?Delia Smith
86%
Who is the current captain of Norwich City?Grant Hanley
82%
Who is the current head coach of Norwich City?David Wagner
75%
Which European giant did Norwich City famously beat 2-1 in the second round of the 1993/94 UEFA Cup?Bayern Munich
71%
Which Englishman won the Norwich City Player of the Season award in three consecutive campaigns, in 2010, 2011 and 2012?Grant Holt
71%
What is the only major trophy that Norwich City have won?League Cup
68%
Which former Labour MP served as Norwich City Chairman from 2015 until 2018?Ed Balls
50%
Who became the first black footballer to cost £1m when he joined Norwich City from Nottingham Forest in 1981?Justin Fashanu
43%
Who is Norwich City’s record signing, arriving from Werder Bremen for £9.9m in 2021?Milot Rashica
39%
Which goalkeeper earned his first call-up to the England squad whilst at Norwich City in 2004, before going on to play at the 2010 FIFA World Cup?Robert Green
36%
Which World Cup winner was named in the Greatest Ever Norwich City XI in 2008?Martin Peters
21%
Which Englishman holds the record for most Norwich City appearances with 673?Kevin Keelan
14%
Which Irishman is Norwich City's all-time record goalscorer with 122?Johnny Gavin
7%
Which manager guided Norwich City to their highest ever league finish in 1992/93?Mike Walker
7%

Score Distribution

Percentile by Number Answered

Percent of People with Each Score

Your Score History

You have not taken this quiz since the last reset